000 00814nam a2200241 i 4500
001 184497
003 ES-MaACL
005 20230906222218.0
008 150914s1984 sp |||| |dspa d
080 _a929 Luther, Martín: 2
100 1 _aAndreu Rodrigo, Agustín.
_921649
245 1 0 _aLutero
_b: tres antropologías en los comienzos del siglo XVI /
_cAgustín Andreu Rodrigo.
260 _aMadrid :
_bCEFOR, Aula "Fe y Modernidad",
_c[1984]
300 _a21 p. ;
_c22 cm.
490 1 _aPliegos de estraza ;
_v7
504 _aBibliografía: p. 21.
594 _aSe pronunció el 9 de enero.
597 _aP. sujetas por cordel.
600 1 7 _aLuther, Martin.
_974872
830 0 _aPliegos de estraza ;
_v7
_9192167
852 _aES-MaACL
_j2332-F-37
_z. - Donat. Carlos París
999 _c184497
_d184497